Statistics for Canadian Geography on the Map

Click here to take the quiz!

General Stats

  • This quiz has been taken 12,186 times
    (12,169 since last reset)
  • The average score is 17 of 30

Answers on the Map

Answers color-coded by a green-red scale on the quiz's map according to % correct below.
Loading ...
 

Answer Stats

Geographical Feature% Correct
Toronto
91%
Alberta
88%
Yukon
85%
Newfoundland
85%
Hudson Bay
84%
Montreal
84%
Lake Superior
81%
Vancouver Island
80%
Manitoba
78%
Lake Huron
76%
Baffin Island
76%
Prince Edward Island
75%
New Brunswick
63%
St. Lawrence River
62%
Halifax
61%
Lake Winnipeg
55%
Banff
52%
Yellowknife
52%
Saskatoon
49%
Victoria Island
49%
Ottawa River
48%
Great Bear Lake
44%
Great Slave Lake
43%
Bay of Fundy
35%
Jasper
24%
Cape Breton
22%
Fraser River
16%
Yoho
8%
Gwaii Haanas
5%
Nahanni
5%

Score Distribution

Percentile by Number Answered

Percent of People with Each Score

Your Score History

You have not taken this quiz since the last reset